<?xml version="1.0" encoding="UTF-8"?>
<record
    xmlns:xsi="http://www.w3.org/2001/XMLSchema-instance"
    xsi:schemaLocation="http://www.loc.gov/MARC21/slim http://www.loc.gov/standards/marcxml/schema/MARC21slim.xsd"
    xmlns="http://www.loc.gov/MARC21/slim">

  <leader>02678nam a2200313 i 4500</leader>
  <controlfield tag="003">DO-SdBNP</controlfield>
  <controlfield tag="005">20240624150204.0</controlfield>
  <controlfield tag="007">ta</controlfield>
  <controlfield tag="008">240624s1986    sp            000 j spa d</controlfield>
  <datafield tag="020" ind1=" " ind2=" ">
    <subfield code="a">8472233499</subfield>
  </datafield>
  <datafield tag="040" ind1=" " ind2=" ">
    <subfield code="a">DO-SdBNP</subfield>
    <subfield code="b">spa</subfield>
    <subfield code="c">BNPHU</subfield>
    <subfield code="e">rda</subfield>
  </datafield>
  <datafield tag="082" ind1=" " ind2=" ">
    <subfield code="b">H711</subfield>
    <subfield code="2">22</subfield>
  </datafield>
  <datafield tag="100" ind1=" " ind2=" ">
    <subfield code="a">Hoffmann, E.T.A,</subfield>
    <subfield code="d">1766-1822</subfield>
    <subfield code="9">44252</subfield>
    <subfield code="e">autor</subfield>
    <subfield code="q">Ernst Theodor Amadeus</subfield>
  </datafield>
  <datafield tag="240" ind1=" " ind2=" ">
    <subfield code="a">Schwester Monika </subfield>
  </datafield>
  <datafield tag="245" ind1="1" ind2="0">
    <subfield code="a">Sor Monika :</subfield>
    <subfield code="b">documento filantrop&#xED;nico-filantr&#xF3;pico-f&#xED;sico-psico-er&#xF3;tico del Convento Secular de X. en S... / </subfield>
    <subfield code="c">E.T.A. Hoffmann ; pr&#xF3;logo de Andr&#xE9; Pieyre de Mandiargues ; traducci&#xF3;n de Jordi Jan&#xE9;</subfield>
  </datafield>
  <datafield tag="264" ind1=" " ind2="1">
    <subfield code="a">Barcelona, Espa&#xF1;a :</subfield>
    <subfield code="b">TusQuets editores,</subfield>
    <subfield code="c">1986.</subfield>
  </datafield>
  <datafield tag="300" ind1=" " ind2=" ">
    <subfield code="a">176 p&#xE1;ginas,  </subfield>
    <subfield code="c">20 cm.</subfield>
  </datafield>
  <datafield tag="336" ind1=" " ind2=" ">
    <subfield code="2">rdacontent</subfield>
    <subfield code="a">texto</subfield>
    <subfield code="b">txt</subfield>
  </datafield>
  <datafield tag="337" ind1=" " ind2=" ">
    <subfield code="2">rdamedia</subfield>
    <subfield code="a">sin mediaci&#xF3;n </subfield>
    <subfield code="b">n</subfield>
  </datafield>
  <datafield tag="338" ind1=" " ind2=" ">
    <subfield code="2">rdacarrier</subfield>
    <subfield code="a">volumen</subfield>
    <subfield code="b">nc</subfield>
  </datafield>
  <datafield tag="490" ind1="1" ind2=" ">
    <subfield code="a">La sonrisa vertical</subfield>
    <subfield code="a">Er&#xF3;tica</subfield>
    <subfield code="v">46</subfield>
  </datafield>
  <datafield tag="500" ind1=" " ind2=" ">
    <subfield code="a">Sinopsis de Sor Monika
M&#xE1;s de ciento cincuenta a&#xF1;os han empleado los fil&#xF3;logos y especialistas alemanes en dilucidar la aut&#xE9;ntica paternidad de esta intensa novela er&#xF3;tica, publicada por primera vez en 1815. Por fin, la inmensa mayor&#xED;a de ellos coincide en otorg&#xE1;rsela, de forma definitiva y concluyente, al gran escritor rom&#xE1;ntico alem&#xE1;n E.T.A. Hoffmann.</subfield>
  </datafield>
  <datafield tag="520" ind1=" " ind2=" ">
    <subfield code="a">Poca gente, en Espa&#xF1;a, ha tenido la suerte de disfrutar de los encantos provocativos de Sor Monika y las monjitas que con ella conviven, y pocos, tambi&#xE9;n, el poder dejarse arrastrar por la imaginaci&#xF3;n y la fantas&#xED;a desbordantes que emanan de cada p&#xE1;gina de este libro. Y es que, adem&#xE1;s de la teolog&#xED;a, la m&#xFA;sica o el humanismo presentes en el libro, componentes caracter&#xED;sticos de la personalidad de E.T.A. Hoffmann, lo que verdaderamente importa, lo que se impone ya desde la primera p&#xE1;gina, es una alegr&#xED;a, un desenfado que va a impregnar todos y cada uno de los actos de los personajes dot&#xE1;ndolos de un trepidante ritmo. Como dice Andr&#xE9; Pieyre de Mandiargues, el famoso escritor franc&#xE9;s, emparentado tan de cerca con la literatura er&#xF3;tica, en el pr&#xF3;logo a esta edici&#xF3;n : &#xAB;Vertiginoso es el tiempo de las novelas rosas, secuencia de cortos momentos de incandescencia en los que se ilumina una hermosa boca entreabierta, hermosos pechos desnudos, un hermoso vientre liso, una hermosa grupa a punto de recibir las vergas, hermosos muslos separados, tan r&#xE1;pidamente y con tantos cambios de manos y de poses que la atenci&#xF3;n se diluye y de realista no queda estrictamente nada&#xBB;.</subfield>
  </datafield>
  <datafield tag="590" ind1=" " ind2=" ">
    <subfield code="a">Inventariado, 2024/ YL</subfield>
  </datafield>
  <datafield tag="700" ind1="1" ind2=" ">
    <subfield code="a">Pieyre de Mandiargues, Andr&#xE9;</subfield>
    <subfield code="e">pr&#xF3;logo</subfield>
    <subfield code="9">52625</subfield>
  </datafield>
  <datafield tag="700" ind1="1" ind2=" ">
    <subfield code="a">Jan&#xE9;, Jordi</subfield>
    <subfield code="e">traducci&#xF3;n</subfield>
    <subfield code="9">85772</subfield>
  </datafield>
  <datafield tag="910" ind1=" " ind2=" ">
    <subfield code="a">YLockward</subfield>
  </datafield>
  <datafield tag="942" ind1=" " ind2=" ">
    <subfield code="2">ddc</subfield>
    <subfield code="c">LBS1</subfield>
  </datafield>
  <datafield tag="952" ind1=" " ind2=" ">
    <subfield code="0">0</subfield>
    <subfield code="1">0</subfield>
    <subfield code="2">ddc</subfield>
    <subfield code="5">6</subfield>
    <subfield code="7">0</subfield>
    <subfield code="8">GR</subfield>
    <subfield code="a">BNPHU</subfield>
    <subfield code="b">BNPHU</subfield>
    <subfield code="c">CT</subfield>
    <subfield code="d">2008-06-02</subfield>
    <subfield code="e">Donaci&#xF3;n </subfield>
    <subfield code="l">0</subfield>
    <subfield code="o">H711</subfield>
    <subfield code="p">2024-3676</subfield>
    <subfield code="r">2024-06-24</subfield>
    <subfield code="w">2024-06-24</subfield>
    <subfield code="y">LBS1</subfield>
  </datafield>
  <datafield tag="999" ind1=" " ind2=" ">
    <subfield code="c">56946</subfield>
    <subfield code="d">56946</subfield>
  </datafield>
</record>
